000 01023nam a2200277Ia 4500
001 Para_10067
003 CHAP
008 220125sDici xx 000 0 und d
010 _a208754
040 _cCHAP
090 _aPA CD - TESIS 148
100 _aPineda Gutiérrez, José Roberto
_988152
245 _aControl del barrenador de los granos (Prostephanus truncatus) en maíz para conservación a largo plazo /
_c José Roberto Pineda Gutiérrez; Director Jesús Axayacatl Cuevas Sánchez
260 _aChapingo, Méx. :
_b el autor
300 _a1 CDS ROM (s/n p.)
502 _aTesis (Ing. Agr. Esp. en Parasitología Agrícola). UACh. Departamento Parasitología Agrícola
700 _aCuevas Sánchez, Jesús Axayacatl. Director
_9175125
710 _aUACh. Departamento Parasitología Agrícola
_9164025
901 _aPA CD - TESIS 148
902 _aM
905 _a513220Diciembre, 2011 anm 8100000000 06
910 _aDici
942 _cPARA
942 _cPARA
_d2
999 _c208754
_d208754